APUSH Must Know Dates - Statistics

General Stats
  • This quiz has been taken 48 times
  • The average score is 5 of 96
Answer Stats
Hint Answer % Correct
1861-1865 The Civil War
55%
1914-1918 World War 1
39%
1865-1877 Reconstruction
29%
1929-1940 The Great Depression
29%
1775-1781 The Revolutionary War
29%
1865-1900 The Gilded Age
26%
1945-1991 The Postwar Era/Cold War
26%
1965-1973 Vietnam War
24%
1846-1848 Mexican-American War/Treaty of Guadalupe Hidalgo
21%
1812-1815 The War of 1812
16%
1803 Louisiana Purchase
13%
1969-1974 Richard Nixon Presidency/Watergate
13%
1820 The Missouri Compromise
13%
1900-1920 The Progressive Era
13%
1765 The Stamp Act
13%
1920 19th Amendment
11%
1940's-1960's Civil Rights Movement
11%
1950-1953 Korean War
11%
1898 Spanish-American War
11%
1773 The Boston Tea Party
11%
1781-1789 Articles of Confederation
8%
1676 Bacon's Rebellion
8%
1850 Compromise of 1850
5%
1962 Cuban Missile Crisis
5%
1607 Jamestown Settlement Established
5%
1680 Pueblo Revolt
5%
1929 Stock Market Crash
5%
1961-1989 The Berlin Wall
5%
1791 The Bill of Rights
5%
1823 The Monroe Doctrine
5%
1933-1939 The New Deal
5%
1954 Brown v. Board of Education
3%
1492-1607 European Exploration and Early Colonization
3%
1854 Kansas-Nebraska Act
3%
1763 Proclamation Line of 1763
3%
1920-1933 Prohibition
3%
1981-1989 Ronald Reagan Presidency
3%
1770 The Boston Massacre
3%
1931-1938 The Dust Bowl
3%
Late 1600's-1700's The Enlightenment
3%
1790's-1816 The First Party System
3%
1730's-1740's The Great Awakening
3%
Mid-1960's The Great Society
3%
1920-1929 The Roaring Twenties
3%
1830's-1860's Abolition Movement
0%
1861-1865 Abraham Lincoln Presidency
0%
1798 Alien and Sedition Acts
0%
1829-1837 Andrew Jackson Presidency
0%
1820-1860 Antebellum Period
0%
1607-1763 British Colonial Period in North America (In What is Now the U.S)
0%
1964 Civil Rights Act of 1964
0%
1861-1877 Civil War and Reconstruction
0%
1857 Dred Scott Decision
0%
1953-1961 Eisenhower Presidency
0%
1933-1945 Franklin Roosevelt Presidency
0%
1789-1797 George Washington Presidency
0%
1939 Germany Invades Poland
0%
1815 Henry Clay's American System
0%
1890's-early 1900's Imperial Age
0%
1979-1981 Iran Hostage Crisis
0%
1800-1824 Jeffersonian Era
0%
1961-1963 John F. Kennedy Presidency
0%
1803 Marbury v. Madison
0%
1620 Mayflower Lands at Plymouth
0%
1896 Plessy v Fergusson
0%
1890's Populist Movement
0%
1924 Quota Act of 1924
0%
1763 Revolution and Foundation of Government
0%
1955 Rosa Parks/Montgomery Bus Boycott
0%
Early 1830's-1850's Second Party System
0%
1991 Soviet Union Dissolves
0%
1901-1909 Teddy Roosevelt Presidency
0%
1836-1845 Texas Republic
0%
1793 The Cotton Gin Invented
0%
1863 The Emancipation Proclamaiton
0%
1816-1824 The Eras of Good Feelings
0%
1791-1811 The First Bank of the US
0%
1754-1763 The French and Indian War (Seven Years War) / Treaty of Paris of 1763
0%
1929-1945 The Great Depression and World War 2
0%
1790's-mid 1800's The Industrial Revolution in the US
0%
1774 The Intolerable Acts (Coercive Acts)
0%
1784-1787 The Land Ordinances and Northwest Ordinance
0%
1800-1840 The Market Revolution
0%
1832 The Nullification Crisis
0%
1973 The Oil Embargo
0%
1816-1836 The Second Bank of the US
0%
1820's-1830's The Second Great Awakeing
0%
1838 The Trail of Tears
0%
1801-1809 Thomas Jefferson Presidency
0%
1869 Transcontinental Railroad
0%
1783 Treaty of Paris of 1783
0%
1919 Treaty of Versailles
0%
1788 US Constitution Ratified
0%
1941-1945 US Involvement in WW2
0%
1965 Voting Rights Act of 1965
0%
1913-1921 Woodrow Wilson Presidency
0%
No matching quizzes found
Score Distribution
Percent of People with Each Score
Percentile by Number Answered
Your Score History
You have not taken this quiz